| 000 | 00656nam a2200241Ia 4500 | ||
|---|---|---|---|
| 008 | 160418s9999 xx 000 0 und d | ||
| 020 | _a971-08-6896-9 | ||
| 050 | _aFIL GV 361 | ||
| 050 | _b.T85 2009 | ||
| 100 | _aTulio, Doris D. | ||
| 245 | _aPhysical education 2 : | ||
| 245 | _bfor college / | ||
| 245 | _cDoris D. Tulio. | ||
| 260 | _aMandaluyong: | ||
| 260 | _bNational Book Store, | ||
| 260 | _c2009 | ||
| 300 | _a316 pages : | ||
| 300 | _billustrations ; | ||
| 300 | _c25 cm. | ||
| 500 | _aIncludes bibliographical references. | ||
| 650 | _aPhysical education for college students. | ||
| 650 | _xPhysical education and training. | ||
| 999 |
_c293362 _d293362 |
||